<?xml version="1.0" encoding="UTF-8"?>
<record
    xmlns:xsi="http://www.w3.org/2001/XMLSchema-instance"
    xsi:schemaLocation="http://www.loc.gov/MARC21/slim http://www.loc.gov/standards/marcxml/schema/MARC21slim.xsd"
    xmlns="http://www.loc.gov/MARC21/slim">

  <leader>01493    a2200217   4500</leader>
  <controlfield tag="001">54473</controlfield>
  <controlfield tag="005">20260407155817.0</controlfield>
  <controlfield tag="008">260407a2000    arg                 spa d</controlfield>
  <controlfield tag="003">AR-UNSa-BCEJYS</controlfield>
  <datafield tag="040" ind1=" " ind2=" ">
    <subfield code="a">AR-UNSa-BCEJYS</subfield>
    <subfield code="b">spa</subfield>
    <subfield code="c">AR-UNSa-BCEJYS</subfield>
  </datafield>
  <datafield tag="080" ind1=" " ind2=" ">
    <subfield code="a">316.421:339.9</subfield>
    <subfield code="x">Origen de las sociedades globales y estructura social, econ&#xF3;mico, pol&#xED;tico y cultural (Globalizaci&#xF3;n)
</subfield>
  </datafield>
  <datafield tag="245" ind1="1" ind2="0">
    <subfield code="a">C&#xF3;mo sobrevivir a la globalizaci&#xF3;n</subfield>
    <subfield code="p">Una guia para protegerse en la nueva econom&#xED;a global</subfield>
  </datafield>
  <datafield tag="020" ind1=" " ind2=" ">
    <subfield code="a">987-97892-0-2</subfield>
  </datafield>
  <datafield tag="264" ind1=" " ind2="1">
    <subfield code="a">Buenos Aires :</subfield>
    <subfield code="b">Pearson Educaci&#xF3;n</subfield>
    <subfield code="c">2000</subfield>
  </datafield>
  <datafield tag="300" ind1=" " ind2=" ">
    <subfield code="a">xxii, 214 p.</subfield>
    <subfield code="c">24 cm.</subfield>
  </datafield>
  <datafield tag="505" ind1=" " ind2=" ">
    <subfield code="a">1. Crisis &#xFA;ltimo modelo - 2. Las crisis, &#xBF;Castigo divino? - 3. &#xBF;A que llamamos contagio? - 4. El juego de las diferencias - 5. &#xBF;Conviene perder para sobrevivir? - 6. Viaje al centro del bolsillo del inversor - 7. La macro impronta - 8. Los tres frentes - 9. Ant&#xED;dotos para la crisis - 10. &#xBF;Qu&#xE9; se puede aprender de una crisis? - 11. &#xBF;Por d&#xF3;nde entr&#xF3; la crisis? - 12. Anatom&#xED;a de una crisis financiera - 13. C&#xF3;mo saber si su banco est&#xE1; bajo sitio - 14. Un rombo de tres lados - 15. El mercado de capitales como un frente de crisis - 16. La ventaja de contar con un buen p&#xFA;blico - 17. La oferta: el otro lado de la demanda - 18. Todo es cuesti&#xF3;n de estructura - 19. La importancia de un buen ambiente - 20. Conclusi&#xF3;n"una reflexi&#xF3;n final" </subfield>
  </datafield>
  <datafield tag="041" ind1=" " ind2=" ">
    <subfield code="a">spa</subfield>
  </datafield>
  <datafield tag="942" ind1=" " ind2=" ">
    <subfield code="c">BK</subfield>
  </datafield>
  <datafield tag="590" ind1=" " ind2=" ">
    <subfield code="a">niveau_biblio:m niveau_hierar:0</subfield>
  </datafield>
  <datafield tag="100" ind1="1" ind2=" ">
    <subfield code="a">Redrado, Mart&#xED;n</subfield>
  </datafield>
  <datafield tag="999" ind1=" " ind2=" ">
    <subfield code="c">5575</subfield>
    <subfield code="d">5575</subfield>
  </datafield>
  <datafield tag="952" ind1=" " ind2=" ">
    <subfield code="0">0</subfield>
    <subfield code="1">0</subfield>
    <subfield code="4">0</subfield>
    <subfield code="7">0</subfield>
    <subfield code="a">BCEJYS</subfield>
    <subfield code="b">BCEJYS</subfield>
    <subfield code="c">16</subfield>
    <subfield code="d">2026-04-07</subfield>
    <subfield code="l">0</subfield>
    <subfield code="o">316.421:339.9 R312</subfield>
    <subfield code="p">L86707</subfield>
    <subfield code="r">2026-04-07 15:58:17</subfield>
    <subfield code="w">2026-04-07</subfield>
    <subfield code="y">L</subfield>
  </datafield>
</record>
